80-летие снятия блокады Ленинграда: монография

Bibliographic Details
Main Author: Громов А. Б. Алекс Бертран
Summary:Блокада Ленинграда — один из самых драматических эпизодов Великой Отечественной войны. Эти события вошли в историю как уникальный пример массового героизма и небывалой стойкости жителей и защитников города. В книге рассказывается о регулярных наступательных действиях Красной армии по прорыву блокады, начиная с Любанской и Синявинских операций и операции "Искра". Автор показывает, насколько тщательной была подготовка Ленинградско-Новгородской операции, в результате которой блокада была полностью снята. Организация наступления была просчитана почти по минутам и включала в себя сложнейшее сочетание артподготовки и выдвижения штурмовых групп. В итоге противник был отброшен от Ленинграда более чем на 200 километров.
Language:Russian
Published: Москва, Юстиция, 2025
Subjects:
Format: Book
KOHA link:https://koha.lib.tpu.ru/cgi-bin/koha/opac-detail.pl?biblionumber=679699

MARC

LEADER 00000nam0a2200000 4500
001 679699
005 20250430150008.0
010 |a 978-5-406-13160-2 
090 |a 679699 
100 |a 20250415d2025 k||y0rusy50 ca 
101 0 |a rus 
102 |a RU 
105 |a a z 011yy 
181 0 |a i   |b  e  
182 0 |a n 
183 0 |a nc  |2 RDAcarrier 
200 1 |a 80-летие снятия блокады Ленинграда  |e монография  |f Алекс Бертан Громов 
203 |a Текст  |b визуальный  |c непосредственный 
210 |a Москва  |c Юстиция  |d 2025 
215 |a 342 с.   |c ил. 
283 |a volume  |2 RDAcarrier 
320 |a Литература: с. 330-342 
330 |a Блокада Ленинграда — один из самых драматических эпизодов Великой Отечественной войны. Эти события вошли в историю как уникальный пример массового героизма и небывалой стойкости жителей и защитников города. В книге рассказывается о регулярных наступательных действиях Красной армии по прорыву блокады, начиная с Любанской и Синявинских операций и операции "Искра". Автор показывает, насколько тщательной была подготовка Ленинградско-Новгородской операции, в результате которой блокада была полностью снята. Организация наступления была просчитана почти по минутам и включала в себя сложнейшее сочетание артподготовки и выдвижения штурмовых групп. В итоге противник был отброшен от Ленинграда более чем на 200 километров. 
606 |a Ленинградская блокада  |9 82897 
610 1 |a Великая Отечественная война 
610 1 |a Ленинград 
610 1 |a СССР 
610 1 |a Финское наступление 
610 1 |a Кингисеппско-Гдовская операция 
610 1 |a Старорусско-Новоржевская операция 
686 |2 rubbk  |a Т3(2)622,11(2-2СПб) 
700 1 |a Громов  |b А. Б.  |g Алекс Бертран 
801 0 |a RU  |b 63413507  |c 20250415 
850 |a 63413507 
942 |c BK